| 000 | 00562cam a2200181 4500 | ||
|---|---|---|---|
| 001 | 1635 | ||
| 005 | 20181127163711.0 | ||
| 008 | 010709s2002 nyua f 001 0 eng | ||
| 010 | _a 2001044171 | ||
| 020 | _a007135624X (pbk. : alk. paper) | ||
| 245 | 0 | 0 |
_aField engineer's manual / _cRobert O. Parmley, editor-in-chief. |
| 250 | _a3rd ed. | ||
| 260 |
_aNew York : _bMcGraw-Hill, _cc2002. |
||
| 300 |
_a1 v. (various pagings) : _bill. ; _c22 cm. |
||
| 500 | _aIncludes index. | ||
| 650 | 0 |
_aCivil engineering _vHandbooks, manuals, etc. |
|
| 700 | 1 | _aParmley, Robert O. | |
| 999 |
_c1227 _d1227 |
||